|
|
|
|
| LEADER |
02271 a2200349 4500 |
| 001 |
44176 |
| 003 |
BD-DhAAL |
| 005 |
20250227154818.0 |
| 008 |
250227t2014 |||a|||| |||| 00| 0 eng d |
| 020 |
|
|
|a 9781494932633
|
| 020 |
|
|
|a 1494932636
|
| 040 |
|
|
|a BD-DhAAL
|d BD-DhAAL
|
| 082 |
|
|
|a 005.8
|2 23
|
| 100 |
|
|
|a Kim, Peter.
|9 56910
|
| 245 |
|
|
|a The hacker playbook :
|b practical guide to penetration testing /
|c Peter Kim.
|
| 260 |
|
|
|a North Charleston, South Carolina :
|b Secure Planet, LLC,
|c 2014.
|
| 300 |
|
|
|a xv, 276 pages :
|b illustrations ;
|c 23 cm
|
| 504 |
|
|
|a Includes bibliographical references
|
| 526 |
|
|
|x Md. Faisal Ahmed
Lecturer
Department of CSE
Course name and no. Not Identify (CSE 496)
|
| 541 |
|
|
|a Trim education.
|e 44175
|
| 650 |
|
|
|a Computer networks
|x Security measures.
|
| 650 |
|
|
|a Computer security.
|
| 650 |
|
|
|a Hacking.
|9 25163
|
| 650 |
|
|
|a Computer crimes
|x Prevention.
|
| 650 |
|
|
|a Computer programming.
|
| 650 |
|
|
|a Computer science
|
| 942 |
|
|
|2 ddc
|c BK
|
| 999 |
|
|
|c 46987
|d 46987
|
| 952 |
|
|
|0 0
|1 0
|2 ddc
|4 0
|6 005_800000000000000_KIM
|7 0
|9 77371
|a BRACUL
|b BRACUL
|c GEN
|d 2025-02-13
|e Trim Education
|g 3600.00
|l 3
|m 42
|o 005.8 KIM
|p 3010044176
|q 2026-06-02
|r 2026-01-18
|s 2026-01-18
|t 2
|v 3600.00
|w 2025-02-13
|y BK
|x Requisitioned by Dr. Shahidul Islam Khan for the course named Power Plant engineering ‘’(EEE423)’’
|
| 952 |
|
|
|0 0
|1 0
|2 ddc
|4 0
|6 005_800000000000000_KIM
|7 0
|9 77372
|a BRACUL
|b BRACUL
|c GEN
|d 2025-02-13
|e Trim Education
|g 3600.00
|l 1
|m 30
|o 005.8 KIM
|p 3010044178
|r 2026-02-19
|s 2025-04-09
|t 4
|v 3600.00
|w 2025-02-13
|y BK
|x Requisitioned by Dr. Shahidul Islam Khan for the course named Power Plant engineering ‘’(EEE423)’’
|
| 952 |
|
|
|0 0
|1 0
|2 ddc
|4 0
|6 005_800000000000000_KIM
|7 0
|9 77373
|a BRACUL
|b BRACUL
|c GEN
|d 2025-02-13
|e Trim Education
|g 3600.00
|l 3
|m 33
|o 005.8 KIM
|p 3010044177
|r 2026-02-02
|s 2025-06-17
|t 3
|v 3600.00
|w 2025-02-13
|y BK
|x Requisitioned by Dr. Shahidul Islam Khan for the course named Power Plant engineering ‘’(EEE423)’’
|
| 952 |
|
|
|0 0
|1 0
|2 ddc
|4 0
|6 005_800000000000000_KIM
|7 0
|9 77374
|a BRACUL
|b BRACUL
|c GEN
|d 2025-02-13
|e Trim Education
|g 3600.00
|l 6
|m 21
|o 005.8 KIM
|p 3010044175
|r 2026-05-19
|s 2026-05-12
|t 1
|v 3600.00
|w 2025-02-13
|y BK
|x Requisitioned by Dr. Shahidul Islam Khan for the course named Power Plant engineering ‘’(EEE423)’’
|